00481nam a22001577a 4500010001200000020002600012037001900038082001100057100003200068245005800100260003700158270006100195300002300256942002500279999001900304 aBACEN26 c500.00a9789362877710 aVani Prakashan a822.33 aShakespeare, William988028 aThe Tragedy of Juilus Caesar/cby William Shakespeare aNew Delhi bVani Prakashanc2024 a4695, 21-A, Ansari Road, Daryaganj, bNew Delhi e110002 a136p. c22cm (Hb)  2ddccENh822.33mSHA c215132d215132